header

The Arab economies in a changing world (Record no. 216490)

MARC details
000 -LEADER
fixed length control field 01494nam a2200385 a 4500
100 1# - MAIN ENTRY--AUTHOR NAME
Personal name Noland, Marcus,
245 14 - TITLE STATEMENT
Title The Arab economies in a changing world
250 ## - EDITION STATEMENT
Edition statement 2nd ed.
260 ## - PUBLICATION, DISTRIBUTION, ETC. (IMPRINT)
Place of publication Washington, D.C. :
Name of publisher Peterson Institute for International Economics,
Year of publication 2011.
300 ## - PHYSICAL DESCRIPTION
Number of Pages xv , 362 p. :
Other physical details ill., map.
500 ## - GENERAL NOTE
General note "November 2011."
650 #0 - SUBJECT ADDED ENTRY--TOPICAL TERM
Topical Term Globalization.
700 1# - ADDED ENTRY--PERSONAL NAME
Personal name Pack, Howard.
856 40 - ELECTRONIC LOCATION AND ACCESS
Uniform Resource Identifier http://site.ebrary.com/lib/rucke/Doc?id=10510000

No items available.

© 2026 Rongo University
Contact us: librarian | system librarian | Rongo university